Una aproximación a los límites de la legítima defensa

I tiakina i:
Ngā taipitopito rārangi puna kōrero
Kaituhi matua: Torre Benítez, Ángela de la (Author)
Hōputu: Pukapuka
Reo:Pāniora
I whakaputaina: Bogotá Universidad Externado de Colombia 2004
Putanga:1a. ed
Rangatū:Cuadernos de Conferencias y Artículos, 30
Ngā marau:
Ngā Tūtohu: Tāpirihia he Tūtohu
Kāore He Tūtohu, Me noho koe te mea tuatahi ki te tūtohu i tēnei pūkete!

MARC

LEADER 00000cam a2200000 a 4500
001 UCC5761
003 CL-VaPUC
008 181026e20040000ck |||||||||||||||||spa|d
020 |a 9586168409 
082 0 4 |a 345.04  |b LAT  |2 21 
100 |a Torre Benítez, Ángela de la  |e author  |9 600116 
245 1 4 |a Una aproximación a los límites de la legítima defensa 
250 |a 1a. ed 
300 |a 48 p 
942 |c BK 
945 |d 20181026 16:22:00  |a dcastane 
260 |a Bogotá  |b Universidad Externado de Colombia  |c 2004 
650 0 |a Legítima defensa  |9 383135 
650 0 |a Autodefensa   |9 456042 
583 |a last modification  |c 20181026 16:22:00  |k Rodrigo Vera 
490 0 |a Cuadernos de Conferencias y Artículos, 30 
999 |c 372875  |d 372873 
952 |0 0  |1 0  |2 ddc  |3 erb  |4 0  |6 345_040000000000000_LAT_2004  |7 0  |8 A  |9 490749  |a BIBDER  |b BIBDER  |e Mateluna Arestizabal, Alfredo Sergio  |i 5491827  |l 1  |o 345.04 LAT 2004  |p 5491827  |r 2025-05-09  |s 2025-05-09  |w 2019-11-24  |y MX  |z Catalogado en:20181026  |k DER